[Event "BCF-chT2 2223 (4NCL)"]
[Site "England"]
[Date "2022.10.23"]
[Round "2.15"]
[White "Varnam, Liam"]
[Black "Smith, Chris P"]
[Result "1-0"]
[WhiteElo "2191"]
[BlackElo "1489"]
[PlyCount "49"]
[EventDate "2022.10.22"]
[EventType "team-tourn"]
[EventRounds "11"]
[EventCountry "ENG"]
[SourceTitle "EXT 2024"]
[Source "ChessBase"]
[SourceDate "2023.10.10"]
[SourceVersion "1"]
[SourceVersionDate "2023.10.10"]
[SourceQuality "1"]
[WhiteTeam "The Sharks II"]
[BlackTeam "The ADS"]
[WhiteTeamCountry "ENG"]
[BlackTeamCountry "ENG"]

1. e4 d6 2. d4 Nf6 3. Nc3 g6 4. Be3 Bg7 5. Qd2 Nc6 6. f3 Bd7 7. 0-0-0 e6 8. g4 h6 9. Nge2 Qe7 10. g5 hxg5 11. Bxg5 0-0-0 12. Kb1 Qf8 13. d5 Ne5 14. Nd4 Re8 15. Ncb5 a6 16. Nc3 exd5 17. Bxf6 Bxf6 18. Nxd5 Bg7 19. Qa5 Kb8 20. Qxc7+ Ka8 21. Bxa6 Rb8 22. Nb6+ Ka7 23. Nxd7 Nxd7 24. Nc6+ Kxa6 25. Qa5# 1-0

[Event "Southend Easter op 64th"]
[Site "Southend"]
[Date "2022.04.15"]
[Round "1"]
[White "Sedykh, Stakhey"]
[Black "Varnam, Liam"]
[Result "1/2-1/2"]
[WhiteElo "1604"]
[BlackElo "2087"]
[PlyCount "33"]
[EventDate "2022.04.15"]
[EventType "swiss"]
[EventRounds "7"]
[EventCountry "ENG"]
[SourceTitle "CBM 207 Extra"]
[Source "ChessBase"]
[SourceDate "2022.05.31"]
[SourceVersion "1"]
[SourceVersionDate "2022.05.31"]
[SourceQuality "1"]

1. e4 c5 2. Nc3 Nc6 3. g3 g6 4. Bg2 Bg7 5. d3 e5 6. f4 d6 7. Nf3 Nge7 8. 0-0 0-0 9. Be3 exf4 10. Bxf4 f5 11. Rb1 a6 12. Qd2 d5 13. exd5 Nxd5 14. Nxd5 Qxd5 15. Bh6 Nd4 16. Bxg7 Kxg7 17. Rbe1 1/2-1/2

[Event "BCF-chT2a 1718 (4NCL)"]
[Site "England"]
[Date "2018.03.17"]
[Round "7.42"]
[White "Cumming, Rhys"]
[Black "Varnam, Liam"]
[Result "1-0"]
[WhiteElo "2155"]
[BlackElo "2078"]
[PlyCount "87"]
[EventDate "2017.11.11"]
[EventType "team-tourn"]
[EventRounds "7"]
[EventCountry "ENG"]
[SourceTitle "EXT 2020"]
[Source "ChessBase"]
[SourceDate "2019.10.17"]
[SourceVersion "1"]
[SourceVersionDate "2019.10.17"]
[SourceQuality "1"]
[WhiteTeam "Sussex Martlets"]
[BlackTeam "Grantham Sharks II"]
[WhiteTeamCountry "ENG"]
[BlackTeamCountry "ENG"]

1. e4 e5 2. Nf3 Nc6 3. Bc4 Nf6 4. d3 Be7 5. 0-0 0-0 6. Re1 d6 7. a4 Na5 8. Ba2 c5 9. c3 Bg4 10. h3 Be6 11. Bxe6 fxe6 12. b4 cxb4 13. cxb4 Nc6 14. b5 Nd4 15. Nxd4 exd4 16. Qb3 d5 17. Nd2 Nd7 18. Qd1 Bb4 19. exd5 exd5 20. Ba3 Bxa3 21. Rxa3 Qf6 22. Nf3 Nc5 23. Ra2 Ne6 24. Qa1 Qg6 25. Ne5 Qg5 26. g3 Rf5 27. Ng4 h5 28. Rxe6 hxg4 29. h4 Qh5 30. Qxd4 Raf8 31. Rae2 Rf3 32. R6e5 Qf7 33. Qxd5 Qxd5 34. Rxd5 Rc8 35. Rd7 Rc1+ 36. Kg2 Ra1 37. Rd4 Kf7 38. Rxg4 Rxd3 39. Rf4+ Kg6 40. Re6+ Kh7 41. Re7 Rda3 42. Rg4 Rxa4 43. Rexg7+ Kh8 44. Rxa4 1-0

[Event "Wakefield 4NCL op 14th"]
[Site "Wakefield"]
[Date "2017.07.16"]
[Round "5"]
[White "Stoyanov, Viktor"]
[Black "Varnam, Liam"]
[Result "1/2-1/2"]
[WhiteElo "1919"]
[BlackElo "2088"]
[PlyCount "139"]
[EventDate "2017.07.14"]
[EventType "swiss"]
[EventRounds "5"]
[EventCountry "ENG"]
[SourceTitle "CBM 179 Extra"]
[Source "ChessBase"]
[SourceDate "2017.08.23"]
[SourceVersion "1"]
[SourceVersionDate "2017.08.23"]
[SourceQuality "1"]

1. d4 Nf6 2. Bf4 d5 3. e3 c5 4. c3 Nc6 5. Nd2 e6 6. Ngf3 Bd6 7. Bg3 0-0 8. Bd3 Re8 9. Ne5 Qc7 10. Ndf3 Ne4 11. Nxc6 bxc6 12. Bxd6 Qxd6 13. 0-0 f6 14. Qc2 f5 15. Ne5 Nf6 16. Rac1 c4 17. Be2 Nd7 18. Nxd7 Bxd7 19. b3 cxb3 20. axb3 c5 21. Qa2 Qb6 22. dxc5 Qxc5 23. c4 dxc4 24. Rxc4 Qb6 25. Bf3 Bb5 26. Rb4 a5 27. Rxb5 Qxb5 28. Bxa8 Rxa8 29. h3 Rd8 30. Ra1 Rd5 31. Qa3 Kf7 32. Rc1 Qd7 33. Qa1 Rd3 34. Kh2 Qd6+ 35. g3 Rd2 36. Kg1 Kg6 37. h4 h5 38. Qxa5 Rd1+ 39. Rxd1 Qxd1+ 40. Kh2 Qc2 41. Kg2 Qxb3 42. Qd8 Qb7+ 43. Kf1 Kh7 44. Qe8 Qd5 45. Qxh5+ Kg8 46. Qe8+ Kh7 47. h5 Qd1+ 48. Kg2 Qg4 49. Qf7 e5 50. f3 Qg5 51. Kf2 e4 52. fxe4 fxe4 53. Qf4 Qxh5 54. Qxe4+ Kg8 55. Qc4+ Kf8 56. Kg2 Qa5 57. Qf4+ Kg8 58. e4 Qa2+ 59. Kh3 Qe2 60. Qf5 Qe3 61. e5 Qc5 62. Qe4 Kf7 63. e6+ Ke7 64. Qg6 Qe5 65. Kh4 Qf6+ 66. Kh5 Kxe6 67. Qe4+ Kf7 68. Qf4 Qxf4 69. gxf4 Kf6 70. Kg4 1/2-1/2

[Event "BCF-chT2a 1617 (4NCL)"]
[Site "England"]
[Date "2017.03.04"]
[Round "7.33"]
[White "Thompson, Ian D"]
[Black "Varnam, Liam"]
[Result "1/2-1/2"]
[WhiteElo "2177"]
[BlackElo "2104"]
[PlyCount "170"]
[EventDate "2016.11.19"]
[EventType "team-tourn"]
[EventRounds "11"]
[EventCountry "ENG"]
[SourceTitle "EXT 2019"]
[Source "ChessBase"]
[SourceDate "2018.10.10"]
[SourceVersion "1"]
[SourceVersionDate "2018.10.10"]
[SourceQuality "1"]
[WhiteTeam "CSC Dragons"]
[BlackTeam "Grantham Sharks II"]
[WhiteTeamCountry "ENG"]
[BlackTeamCountry "ENG"]

1. c4 e5 2. g3 Nf6 3. Bg2 d5 4. cxd5 Nxd5 5. Nf3 Nc6 6. 0-0 Nb6 7. b3 Be7 8. Bb2 f6 9. d4 exd4 10. Qc1 d3 11. Rd1 0-0 12. Rxd3 Qe8 13. Nc3 Nb4 14. Rd2 c6 15. Ne4 N6d5 16. a3 Na6 17. Nd4 Qf7 18. e3 f5 19. Nc3 Nb6 20. Qc2 Bf6 21. Rad1 Bxd4 22. exd4 Nc7 23. d5 Nbxd5 24. Nxd5 Nxd5 25. Bxd5 cxd5 26. Rxd5 Be6 27. R5d3 f4 28. Qd2 Qg6 29. Re1 Rae8 30. Rf3 Bh3 31. Rxe8 Rxe8 32. Rxf4 Qc6 33. f3 Qb6+ 34. Qd4 Re1+ 35. Kf2 Rf1+ 36. Ke2 Qxd4 37. Bxd4 Rb1 38. b4 b6 39. Re4 Kf7 40. Rh4 Bf1+ 41. Kd2 Rb3 42. Bc3 h6 43. a4 Ra3 44. Rf4+ Kg8 45. h4 Rxa4 46. Rg4 g5 47. hxg5 hxg5 48. Rxg5+ Kf8 49. Ke3 Ra2 50. Kf4 Rc2 51. Be5 Be2 52. Bd6+ Kf7 53. Ke3 Bf1 54. f4 Ke6 55. Bb8 Ra2 56. g4 Ra4 57. f5+ Kf7 58. Bd6 Ra3+ 59. Kf4 Bg2 60. Rh5 Rh3 61. b5 Bf1 62. Bb8 Rxh5 63. gxh5 Bxb5 64. Bxa7 Kg7 65. Bxb6 Bc4 66. Be3 Bd3 67. Kg5 Be4 68. h6+ Kh7 69. Kf6 Bc2 70. Ke6 Bb3+ 71. Ke7 Bc2 72. Kf6 Ba4 73. Bg5 Bb3 74. Ke7 Ba2 75. f6 Kg8 76. Be3 Bb3 77. Kd6 Kh7 78. Ke5 Ba2 79. Kd6 Bb3 80. Ke7 Kg8 81. Bg5 Bc4 82. Ke8 Bb5+ 83. Ke7 Bc4 84. h7+ Kxh7 85. f7 Bxf7 1/2-1/2

[Event "BCF-chT2a 1516 (4NCL)"]
[Site "England"]
[Date "2016.01.23"]
[Round "3.232"]
[White "Varnam, Liam"]
[Black "Brown, Alan M"]
[Result "1/2-1/2"]
[WhiteElo "2134"]
[BlackElo "2073"]
[PlyCount "142"]
[EventDate "2015.11.14"]
[EventType "team-tourn"]
[EventRounds "7"]
[EventCountry "ENG"]
[SourceTitle "CBM 170 Extra"]
[Source "ChessBase"]
[SourceDate "2016.02.25"]
[SourceVersion "1"]
[SourceVersionDate "2016.02.25"]
[SourceQuality "1"]
[WhiteTeam "Grantham Sharks II"]
[BlackTeam "MK Phoenix"]
[WhiteTeamCountry "ENG"]
[BlackTeamCountry "ENG"]

1. e4 e5 2. Nf3 Nc6 3. Bb5 a6 4. Ba4 Nf6 5. 0-0 Be7 6. Re1 b5 7. Bb3 d6 8. c3 Bg4 9. h3 Bh5 10. a4 0-0 11. d3 Na5 12. Bc2 c5 13. Nbd2 Nd7 14. g4 Bg6 15. Nf1 Nb6 16. axb5 axb5 17. Ng3 Nc6 18. Rxa8 Qxa8 19. h4 f6 20. h5 Bf7 21. d4 cxd4 22. cxd4 Rc8 23. Nf5 Bf8 24. Bb3 Nc4 25. d5 Nb4 26. Qe2 Qb7 27. Ne3 Nxe3 28. Bxe3 Na6 29. Bc2 Be8 30. Ra1 Nc5 31. b4 Na4 32. Bd3 Be7 33. Ne1 Bd8 34. Nc2 Bb6 35. Na3 Bxe3 36. Qxe3 Rc3 37. Qe2 Rc8 38. Qd2 Rc7 39. Rc1 Rxc1+ 40. Qxc1 Bd7 41. g5 Kf7 42. gxf6 Kxf6 43. Qe3 Nc3 44. f4 exf4 45. Qxf4+ Ke7 46. Nc2 Qc7 47. h6 g6 48. Qh4+ Kf7 49. Qf2+ Ke7 50. Kh2 Na2 51. Qh4+ Kf7 52. Qf4+ Ke7 53. Nd4 Nxb4 54. Qg5+ Kf7 55. Bxb5 Bxb5 56. Nxb5 Qc2+ 57. Qg2 Qc5 58. Qe2 Nc2 59. Kg2 Ke7 60. Na7 Ne3+ 61. Kf3 Qxa7 62. Qxe3 Qxe3+ 63. Kxe3 Kf6 64. Kf4 g5+ 65. Kg4 Ke5 66. Kxg5 Kxe4 67. Kf6 Kxd5 68. Kg7 Ke6 69. Kxh7 Kf7 70. Kh8 d5 71. h7 d4 1/2-1/2

[Event "Newmarket EACU op"]
[Site "Newmarket"]
[Date "2015.05.31"]
[Round "5"]
[White "Varnam, Liam"]
[Black "Coleman, David"]
[Result "0-1"]
[WhiteElo "2122"]
[BlackElo "2228"]
[PlyCount "82"]
[EventDate "2015.05.30"]
[EventType "swiss"]
[EventRounds "5"]
[EventCountry "ENG"]
[SourceTitle "CBM 166 Extra"]
[Source "ChessBase"]
[SourceDate "2015.06.18"]
[SourceVersion "1"]
[SourceVersionDate "2015.06.18"]
[SourceQuality "1"]

1. c4 c5 2. g3 g6 3. Bg2 Bg7 4. Nc3 Nc6 5. a3 d6 6. Rb1 a5 7. Nf3 e5 8. d3 Nge7 9. 0-0 0-0 10. Ne1 h6 11. Nc2 a4 12. b4 axb3 13. Rxb3 f5 14. Nd5 Ra6 15. f4 Nxd5 16. Bxd5+ Kh7 17. Be3 Qc7 18. fxe5 Nxe5 19. h3 Nd7 20. Bd2 Nf6 21. Bf3 b6 22. Kh2 Bd7 23. Bc1 Re8 24. Rb1 Bc6 25. Ne3 Re7 26. Qd2 Ra8 27. Nd5 Nxd5 28. cxd5 Bd7 29. e4 Rae8 30. Bb2 Bxb2 31. Qxb2 b5 32. Rbc1 c4 33. exf5 Bxf5 34. dxc4 bxc4 35. Qc3 Qd7 36. Qxc4 Bxh3 37. Rf2 Qa7 38. Rcc2 Bc8 39. Bg4 Bxg4 40. Qxg4 Qxa3 41. Rf6 Rg7 0-1

[Event "Newmarket EACU op"]
[Site "Newmarket"]
[Date "2015.05.30"]
[Round "1"]
[White "Varnam, Liam"]
[Black "Gibson, Christopher A"]
[Result "1-0"]
[WhiteElo "2122"]
[BlackElo "1971"]
[PlyCount "69"]
[EventDate "2015.05.30"]
[EventType "swiss"]
[EventRounds "5"]
[EventCountry "ENG"]
[SourceTitle "CBM 166 Extra"]
[Source "ChessBase"]
[SourceDate "2015.06.18"]
[SourceVersion "1"]
[SourceVersionDate "2015.06.18"]
[SourceQuality "1"]

1. e4 c5 2. Nf3 Nc6 3. d4 cxd4 4. Nxd4 Nf6 5. Nc3 e5 6. Ndb5 d6 7. Bg5 a6 8. Na3 b5 9. Bxf6 gxf6 10. Nd5 f5 11. c3 Bg7 12. Bd3 Be6 13. Nxb5 axb5 14. Bxb5 Bd7 15. exf5 0-0 16. 0-0 e4 17. a4 Re8 18. Qg4 Rc8 19. Rfd1 Re5 20. Ne3 Qf6 21. Rd5 Kh8 22. Rad1 Rxd5 23. Rxd5 Re8 24. Qd1 Bf8 25. a5 Rb8 26. a6 Ne5 27. Rxe5 Qxe5 28. Bxd7 Qa5 29. Qa4 Qxa4 30. Bxa4 Rb6 31. a7 Ra6 32. Bc6 Rxa7 33. Kf1 Ra2 34. Nc4 Ra4 35. Bxa4 1-0

[Event "BCF-chT2c 1415 (4NCL)"]
[Site "England"]
[Date "2015.05.02"]
[Round "9.222"]
[White "Cumming, Rhys"]
[Black "Varnam, Liam"]
[Result "1/2-1/2"]
[WhiteElo "2130"]
[BlackElo "2170"]
[PlyCount "86"]
[EventDate "2015.03.29"]
[EventType "team-tourn"]
[EventRounds "11"]
[EventCountry "ENG"]
[SourceTitle "EXT 2016"]
[Source "ChessBase"]
[SourceDate "2015.10.08"]
[SourceVersion "1"]
[SourceVersionDate "2015.10.08"]
[SourceQuality "1"]
[WhiteTeam "Sussex Martlets"]
[BlackTeam "Grantham Sharks II"]
[WhiteTeamCountry "ENG"]
[BlackTeamCountry "ENG"]

1. d4 d5 2. c4 dxc4 3. e4 e5 4. Nf3 exd4 5. Bxc4 Nc6 6. 0-0 Be6 7. Bb5 Bc5 8. b4 Bb6 9. a4 a6 10. Bxc6+ bxc6 11. a5 Ba7 12. Bb2 Qd6 13. Na3 Ne7 14. Nxd4 0-0 15. Nac2 c5 16. bxc5 Bxc5 17. Qf3 Rab8 18. Nxe6 fxe6 19. Qc3 Rf7 20. Kh1 Qc6 21. f3 Bd6 22. Rab1 e5 23. Ne3 Qxc3 24. Bxc3 Rff8 25. Nc4 Nc6 26. h3 Kf7 27. Rfc1 Ke6 28. Bd2 Nd4 29. Nxd6 Rxb1 30. Rxb1 Kxd6 31. Bc3 Nb5 32. Rd1+ Ke6 33. Bb2 c6 34. Kg1 Rb8 35. Rd2 Nd6 36. Bc3 Rb5 37. Kf2 Nb7 38. Ra2 c5 39. Ke2 Rb3 40. Kd3 Nd6 41. Rb2 c4+ 42. Kc2 Rxb2+ 43. Kxb2 Nb5 1/2-1/2